The Largest Cities - Statistics

General Stats
  • This quiz has been taken 13 times
  • The average score is 45 of 81
Answer Stats
City % Correct
Johannesburg
100%
Mexico City
100%
Tokyo
100%
Jakarta
90%
New York
90%
Shanghai
90%
Bogotá
80%
Cairo
80%
Chennai
80%
Chicago
80%
Delhi
80%
London
80%
Los Angeles
80%
Manila
80%
Moscow
80%
Mumbai
80%
Paris
80%
Rio de Janeiro
80%
São Paulo
80%
Bangalore
70%
Bangkok
70%
Beijing
70%
Buenos Aires
70%
Istanbul
70%
Karachi
70%
Kinshasa
70%
Lagos
70%
Lima
70%
Osaka
70%
Toronto
70%
Ahmedabad
60%
Chengdu
60%
Chongqing
60%
Dhaka
60%
Guangzhou
60%
Ho Chi Minh City
60%
Hong Kong
60%
Hyderabad
60%
Lahore
60%
Santiago
60%
Seoul
60%
Singapore
60%
Tehran
60%
Belo Horizonte
50%
Dallas
50%
Houston
50%
Kolkata
50%
Kuala Lumpur
50%
Madrid
50%
Nagoya
50%
Tianjin
50%
Alexandria
40%
Atlanta
40%
Dar es Salaam
40%
Luanda
40%
Philadelphia
40%
Pune
40%
Riyadh
40%
Saint Petersburg
40%
Shenzhen
40%
Surat
40%
Wuhan
40%
Xi'an
40%
Dalian
30%
Fukuoka
30%
Hangzhou
30%
Khartoum
30%
Miami
30%
Nanjing
30%
Qingdao
30%
Washington
30%
Baghdad
20%
Barcelona
20%
Dongguan
20%
Guadalajara
20%
Harbin
20%
Shenyang
20%
Yangon
20%
Foshan
10%
Jinan
10%
Suzhou
10%
No matching quizzes found
Score Distribution
Percent of People with Each Score
Percentile by Number Answered
Your Score History
You have not taken this quiz